| 000 | 01360cam a22003617a 4500 | ||
|---|---|---|---|
| 003 | CHAP | ||
| 005 | 20220329142500.0 | ||
| 008 | 010607d1979 hn bd r 00110 spa d | ||
| 010 | _a84104 | ||
| 011 | _a85076 | ||
| 035 | _a95606 | ||
| 040 | _cCHAP | ||
| 082 | 0 | 4 |
_a633 _bR4 |
| 111 | 0 | 0 |
_aReunión Anual del Programa Cooperativo Centroamericano para el Mejoramiento de Cultivos Alimenticios _n(25 : _d1979 : _cTegucigalpa, Honduras) _996238 |
| 245 | 1 | 0 |
_aMemoria _c/por Secretaría de Recursos Naturales |
| 260 |
_aTegucigalpa, Honduras : _bSecretaría de Recursos Naturales _c1979 |
||
| 300 |
_av. : _bgráfs. ; mapa ; cuadros ; diagramas |
||
| 500 | _aLa biblioteca tiene: v.4 | ||
| 590 |
_aBATCH-UPD _b10 _c20130110 _lUCH01 _h0127 |
||
| 590 |
_aBATCH-UPD _b10 _c20130110 _lUCH01 _h1907 |
||
| 590 |
_aBATCH-UPD _b10 _c20130409 _lUCH01 _h2122 |
||
| 590 |
_aBATCH-UPD _b10 _c20130410 _lUCH01 _h1235 |
||
| 590 |
_aBATCH-UPD _b10 _c20130914 _lUCH01 _h0411 |
||
| 590 |
_aBATCH-UPD _b10 _c20130914 _lUCH01 _h2147 |
||
| 590 |
_aCONVERSION _b10 _c20130109 _lUCH01 _h1347 |
||
| 650 | 1 | 4 |
_aArroz _xInvestigación. _97624 |
| 650 | 1 | 4 |
_aFruticultura _xInvestigación. _943728 |
| 650 | 1 | 4 |
_aHorticultura _xInvestigación. _956343 |
| 901 | _aBK | ||
| 905 | _aMarco A. Mendoza T. | ||
| 942 | _cLIBRO | ||
| 949 |
_a633 R4 _bBC _cLIBRO _d33724000820023 _eLIBRO _gDonaciØn _h100284 _i95606 _si |
||
| 999 |
_c84104 _d84104 |
||